| 000 | 00738nam a22002295a 4500 | ||
|---|---|---|---|
| 005 | 20161207115153.0 | ||
| 008 | 161207t2015 ii a fr 001 0 eng d | ||
| 020 | _a9788126556472 | ||
| 040 |
_aEG-ScBUE _beng _cEG-ScBUE _dEG-ScBUE |
||
| 082 | 0 | 4 |
_222 _a690.0285 _bHAR |
| 100 | 1 |
_aHardin, Brad, _d1980- |
|
| 245 | 1 | 0 |
_aBIM and construction management : _bproven tools, methods, and workflows / _cBrad Hardin, Dave McCool. |
| 250 | _a2nd ed. | ||
| 260 |
_aNew Delhi : _bSybex / a Wiley brand, _cc.2015. |
||
| 300 |
_axxiii, 375 p. : _bill. ; _c24 cm. |
||
| 500 | _aIndex : p. 363-375. | ||
| 650 | 7 |
_2BUEsh _aBuilding information modeling. |
|
| 651 | _2BUEsh | ||
| 653 |
_bENGGEN _cDecember2016 |
||
| 700 | 1 | _aMcCool, Dave. | |
| 942 | _2ddc | ||
| 999 |
_c23495 _d23467 |
||